Statistics for States That Sue Their Doctors The Most

Click here to take the quiz!

General Stats

  • This quiz has been taken 23 times
  • The average score is 7 of 10

Answer Stats

#State% Correct
30.4New Jersey
88%
44.1Louisiana
76%
30.2Maine
76%
32.2Arkansas
71%
29.0Washington
71%
34.0Colorado
65%
33.0Tennessee
65%
29.6West Virginia
65%
35.2Delaware
53%
36.3Oklahoma
53%

Score Distribution

Percentile by Number Answered

Percent of People with Each Score

Your Score History

You have not taken this quiz